| 000 | 00499cam a22001217a 4500 | ||
|---|---|---|---|
| 008 | 180718b1951 xxu||||| |||| 00| 0 eng d | ||
| 082 | _aA99 D632/P317 | ||
| 100 | _aPearson, Hesketh | ||
| 245 |
_aDizzy:the life and nature of benjamin disraeli, earl of beaconsfield _cby Hesketh Pearson |
||
| 260 |
_aLondon _bMethuen _c1951 |
||
| 300 | _a284p. | ||
| 650 | _aDisraeli, Benjamin, Earl of Beaconsfield, 1804-1881. Prime ministers -Great Britain -Biography.Great Britain -Politics and government -1837-1901. | ||
| 999 |
_c414458 _d414458 |
||